ARTIFICIAL INTELLIGENCE A MODERN APPROACH (Record no. 24971)

MARC details
000 -LEADER
fixed length control field 00336nam a22001457a 4500
003 - CONTROL NUMBER IDENTIFIER
control field SGT
020 ## - INTERNATIONAL STANDARD BOOK NUMBER
International Standard Book Number 9789356063570
082 ## - DEWEY DECIMAL CLASSIFICATION NUMBER
Classification number 005,RUS
100 ## - MAIN ENTRY--PERSONAL NAME
Personal name RUSSELL, STUART
245 ## - TITLE STATEMENT
Title ARTIFICIAL INTELLIGENCE A MODERN APPROACH
260 ## - PUBLICATION, DISTRIBUTION, ETC. (IMPRINT)
Place of publication, distribution, etc INDIA
Name of publisher, distributor, etc PEARSON
Year of Publication 2023
300 ## - PAGE DESCRIPTION
No. of Pages 1288
650 ## - SUBJECT ADDED ENTRY--TOPICAL TERM
Topical term or geographic name as entry element COMPUTER SCIENCE
942 ## - ADDED ENTRY ELEMENTS (KOHA)
Source of classification or shelving scheme Dewey Decimal Classification
Koha item type Books
942 ## - ADDED ENTRY ELEMENTS (KOHA)
-- 6
Holdings
Withdrawn status Lost status Source of classification or shelving scheme Damaged status Not for loan Collection code Home library Current library Shelving location Date acquired Vendor Name Cost, normal purchase price SGTU Bill Number Total Checkouts Full call number Accession No. (Barcode) Date last seen Date last borrowed Bill Date Koha item type Use restrictions
    Dewey Decimal Classification     ENGINEERING SGT Engineering Library SGT Engineering Library Text Book 05/09/2023 AHUJA BOOK COMPANY 1000.00 SGTU 16906 2 005,RUS FE8647 21/02/2025 14/12/2024 16/06/2023 Books  
    Dewey Decimal Classification   Not For Loan ENGINEERING SGT Engineering Library SGT Engineering Library Reference Book 05/09/2023 AHUJA BOOK COMPANY 1000.00 SGTU 16906   005,RUS FE8648 05/09/2023   16/06/2023 Books Restricted Access
    Dewey Decimal Classification     ENGINEERING SGT Engineering Library SGT Engineering Library Text Book 05/09/2023 AHUJA BOOK COMPANY 1000.00 SGTU 16906 1 005,RUS FE8649 08/01/2025 20/12/2024 16/06/2023 Books  
    Dewey Decimal Classification     ENGINEERING SGT Engineering Library SGT Engineering Library Text Book 05/09/2023 AHUJA BOOK COMPANY 1000.00 SGTU 16906 2 005,RUS FE8650 13/04/2024 13/04/2024 16/06/2023 Books  
    Dewey Decimal Classification     ENGINEERING SGT Engineering Library SGT Engineering Library Text Book 05/09/2023 AHUJA BOOK COMPANY 1000.00 SGTU 16906 1 005,RUS FE8651 02/11/2023 17/10/2023 16/06/2023 Books